000 01421nam a2200289 a 4500
001 62835
003 BD-RjUL
005 20211209081128.0
008 170126s1963 p s o00| 0 eng
020 _c: PRs. 5.50
035 _a(BD-RjUL)62963
040 _aDLC
_cDLC
_dDLC
_dBD-RjUL
_beng
041 _aeng
082 _a304.609549021
_223
_bFAR 1963 (DCR)
110 _aPakistan.
_bMinistry of Home and Kashmir Affairs (Home Affairs Division).
_9186432
245 1 0 _aPopulation census of Pakistan, 1961 :
_bDistrict census report, Faridpur . Parts I-V : General description, general tables, housing tables, population tables, and village statistics. /
_cPakistan. Ministry of Home and Kashmir Affairs (Home Affairs Division) ; Census organization (Pakistan) ; A. Rashid, [comp.]
246 _aDistrict census report, Faridpur :
_bParts I-V : General description, general tables, housing tables, population tables, and village statistics.
260 _aKarachi :
_bManager of Publications,
_c[1963].
300 _avarious pagings :
_bIll. ;
_c25 cm.
490 _acensus, 61 ;
_vP. No. 102
651 _aPakistan (Bangladesh)
_zFaridpur
_vCensus, 1961
_9186796
651 _aPakistan (Bangladesh)
_zFaridpur
_xPopulation
_vStatistics
_y1961
_9186797
700 _aRashid, A. , [comp.]
_9186708
710 _aCensus organization (Pakistan)
_9186435
830 _acensus, 61 ;
_vP. No. 102
_9187757
942 _2ddc
_cRAR
999 _c62835
_d62835